Vplyv profesijných komôr na konkurenčné prostredie

Používanie pojmu komora v SR sa používa pre združenia fyzických a právnických osôb, ktoré vznikli na základe osobitných zákonov (najmä komory s tzv. povinným členstvom) a jednak pre dobrovoľné združenia, ktoré vznikli na základe zákona č. 83/1990 Zb. o združovaní občanov (najmä obchodné komory). Pro...

Full description

Saved in:
Bibliographic Details
Main Author: Blatnický, Dobroslav, 1972-
Format: Book Chapter
Language:Slovak
Subjects:
Tags: Add Tag
No Tags, Be the first to tag this record!

MARC

LEADER 00000naa$a2200000$$$4500
001 0015104
005 20240502071400.7
041 0 |a slo 
044 |a SK 
245 1 0 |a Vplyv profesijných komôr na konkurenčné prostredie  |c Dobroslav Blatnický 
520 |a Používanie pojmu komora v SR sa používa pre združenia fyzických a právnických osôb, ktoré vznikli na základe osobitných zákonov (najmä komory s tzv. povinným členstvom) a jednak pre dobrovoľné združenia, ktoré vznikli na základe zákona č. 83/1990 Zb. o združovaní občanov (najmä obchodné komory). Problém obmedzovania konkurencie je demonštrovaný na príklade Slovenskej lekárnickej komory. 
610 2 0 |a komory živnostenské 
610 2 0 |a komory obchodné 
610 2 0 |a združenia 
610 2 0 |a právomoc 
610 2 0 |a Slovenská lekárnická komora 
100 1 |a Blatnický, Dobroslav, 1972-